[Event "SUI-chT"]
[Site "Switzerland"]
[Date "2002.03.03"]
[Round "1.2"]
[White "Sedina, Elena"]
[Black "Pelletier, Yannick"]
[Result "0-1"]
[WhiteElo "2421"]
[BlackElo "2612"]
[PlyCount "84"]
[EventDate "2002.??.??"]
[SourceDate "2002.03.03"]
[WhiteTeam "Mendrisio"]
[BlackTeam "Biel"]

1. e4 c5 2. Nf3 d6 3. Bb5+ Bd7 4. Bxd7+ Nxd7 5. O-O Ngf6 6. d3 e6 7. Nc3 Be7 8.
Ng5 d5 9. exd5 exd5 10. Qf3 Ne5 11. Qg3 Ng6 12. f4 O-O 13. f5 Bd6 14. Qh3 Ne7
15. Nf3 d4 16. Ne4 Nxe4 17. dxe4 f6 18. g4 Nc6 19. g5 Qe8 20. gxf6 Rxf6 21. Bg5
Rf7 22. Bd2 h6 23. Rae1 Ne5 24. Nh4 Rf6 25. Bf4 Qc6 26. Bxe5 Bxe5 27. Kh1 Re8
28. Rg1 c4 29. Rg4 Rd6 30. Ng6 Bf6 31. Qg2 d3 $1 32. cxd3 cxd3 33. e5 d2 34.
Rd1 Qc2 35. Qg1 Rc6 36. exf6 Qxd1 37. Qxd1 Re1+ 38. Rg1 Rxd1 39. Ne7+ Kf7 40.
Rxd1 Rc1 41. fxg7 Rxd1+ 42. Kg2 Kxg7 0-1

[Event "SUI-chT"]
[Site "Switzerland"]
[Date "2002.03.03"]
[Round "1.5"]
[White "Brendel, Oliver"]
[Black "Vogt, Lothar"]
[Result "1/2-1/2"]
[WhiteElo "2380"]
[BlackElo "2467"]
[Annotator "Herbrechtsmeier"]
[PlyCount "94"]
[EventDate "2002.??.??"]
[SourceDate "2002.03.03"]
[WhiteTeam "Sorab Basel"]
[BlackTeam "Zürich"]

1. e4 c5 2. Nf3 g6 3. d4 cxd4 4. Nxd4 Nc6 5. c4 Nf6 6. Nc3 d6 7. Be2 Nxd4 8.
Qxd4 Bg7 9. Be3 O-O 10. Qd2 Be6 11. Rc1 {
Weiss verzichtet in diesem Abspiel auf die Rochade!} 11... Qa5 12. f3 Rfc8 13.
b3 a6 14. Na4 Qxd2+ 15. Kxd2 Nd7 (15... Rc6 {ist eine Alternative}) 16. g4 {
Oliver Brendel kaempft gegen sein "eigenes" System!} 16... Rcb8 $5 (16... Rab8
17. Nc3 (17. h4 Rc6 $1 $132 {-noted right plan}) 17... Ne5 18. Nd5 Bxd5 (18...
Kf8 19. h4 b5 $132) 19. cxd5 Kf8 20. g5 Nd7 21. f4 Ke8 22. h4 Rxc1 23. Rxc1 Kd8
24. h5 Rc8 25. Rh1 Nc5 26. Bf3 Ke8 27. Rc1 Kd8 28. Rh1 Ke8 29. Rc1 Kd8 30. e5
$1 $16 {1-0 Gross,D-Kratochwil,C/Absam 2001/ (54)}) (16... Kf8 17. h3 Rc6 {
'-right plan!'} 18. f4 Nc5 19. Nxc5 dxc5 20. Rhd1 Rd8+ 21. Ke1 Rxd1+ 22. Rxd1
Ke8 23. Bf3 Bc3+ 24. Kf1 Rc7 {
1/2-1/2 Liss,E-Alterman,B/Rishon le Zion YM 1995 (27)}) (16... Rc6 17. h4 h6 (
17... Kf8 18. h5 Rac8 19. hxg6 (19. g5 gxh5 $1 20. f4 (20. Rxh5 b5 $15) 20...
b5 21. Nc3 bxc4 22. b4 f5 $15) 19... hxg6 20. g5 Nc5 21. Nc3 (21. Nxc5 dxc5 22.
f4 Rd6+ 23. Kc2 Bd4 24. Bxd4 Rxd4 25. Bd3 Rcd8 $11) 21... b5 22. Nd5 $6 (22.
cxb5 $1) 22... bxc4 23. Bxc4 a5 {
1/2-1/2 Short,N-Kortschnoj,V/Luzern 1997/CBM 62/[Kortschnoj] (35)}) 18. Nc3 f5
19. Nd5 Kf7 20. exf5 gxf5 21. g5 hxg5 22. hxg5 Nf8 23. f4 Ke8 24. Bf3 $16 {
1-0 Soffer,R-Almasi,I/Budapest FS06 GM 1993 (46)}) (16... f5 $1 17. exf5 (17.
gxf5 gxf5 18. Rhg1 Kh8 (18... Rf8 19. Bd4 Rf7 20. f4 Kf8 21. Bxg7+ Rxg7 22.
Rxg7 Kxg7 23. exf5 Bxf5 24. Bf3 Rb8 {
1/2-1/2 Alburt,L-Beliavsky,A/Vilnius zt 1975/ (32)}) 19. Nc3 fxe4 20. Nxe4 d5
21. Ng5 Bg8 22. cxd5 Bxd5 23. Rg3 Rxc1 24. Kxc1 Nf6 $11 {
1/2-1/2 Lau,R-Polgar,Z/New York (Manhattan) 1985 (30)}) 17... gxf5 18. h3 (18.
g5 d5 19. f4 dxc4 20. bxc4 Rd8 (20... Rc7 $11) 21. Ke1 Rab8 $1 (21... b5 $5)
22. Nb6 Nxb6 23. Bxb6 $11 {
0-1 Garcia Martinez,S-Tiviakov,S/Ubeda 1999/CBM 68 ext (37)}) 18... Rf8 (18...
Rc7 19. Rhg1 (19. Rhe1 $5 {Tsesarsky}) 19... Rf8 20. f4 Nc5 (20... Nf6 21. Bb6
Rc6 22. Bf3 d5 23. Ke3 fxg4 24. hxg4 Bd7 25. f5 $1 $16) 21. Nc3 (21. Nxc5 dxc5
22. Rcd1 Rd7+ $11) 21... fxg4 (21... Kf7 $5) (21... b5 $5 22. gxf5 $5 Bxf5 23.
Bd4 Ne6) 22. hxg4 b5 $5 23. f5 b4 $8 $11 {!} 24. Nd1 $2 (24. Nd5 $8 Bxd5 25.
cxd5 Ne4+ 26. Kd3 Rxc1 27. Rxc1 Nc3 $11) 24... Bc8 $1 {
1-0 Razuvaev,Y-Mantovani,R/Reggio Emilia 1996/CBM 57/[Tsesarsky] (62)}) 19. f4
{Ftacnik: 'This position will be seen more often. Black is not so far from
equality, but he has to play very carefully.'} (19. Rhg1 f4 20. Bf2 d5 21. cxd5
Bxd5 22. Nb6 Nxb6 23. Bxb6 Rf6 {
1/2-1/2 Savchenko,S-Degraeve,J/Halkidiki Europacup sp02/11 2002/Inf 002 (53)})
(19. Nb6 Nxb6 20. Bxb6 d5 {0-1 Belotti,B-Vogt,L/SUI 1999/EXT 2001 (44)}) 19...
Rad8 $5 (19... Nf6 20. Rhg1 Rad8 (20... d5 21. Nc5 Ne4+ 22. Ke1 Nxc5 23. Bxc5
fxg4 24. Bxg4 $14) (20... Ne4+ 21. Ke1 $14) 21. Bb6 (21. Ke1 {
1-0 Gross,D-Grafl,F/Augsburg ch-U20  sp02/5 2002 (57)}) (21. g5 Ne4+ 22. Ke1
Bd7 23. Nb6 Bc6 24. Bf3 e6 $132) 21... Rc8 (21... Rd7 22. Bf3 Kf7 23. g5 $14) (
21... Rde8 {Tsesarsky} 22. Bf3 fxg4 23. hxg4 Nd7 24. Ke3 (24. f5 Nxb6 25. Nxb6
Bd4 (25... Bh6+) 26. Rgf1 Bxf5 27. gxf5 Bxb6 28. Bxb7 $11) 24... Nxb6 25. Nxb6
$16) 22. Nc3 Rc6 (22... d5 $5 23. gxf5 (23. Nxd5 Bxd5 24. cxd5 Nxd5 25. Be3 $11
) (23. cxd5 Rxc3 $1 (23... Nxd5 24. Nxd5 Bxd5 25. Rxc8 Rxc8 26. gxf5 $14) 24.
Rxc3 (24. dxe6 Nd5 25. Bc5 $15) 24... Ne4+ (24... Nxd5 25. Rcg3 fxg4 26. Bxg4
$18) 25. Kd3 Nxc3 26. dxe6 Nd5 $17) 23... Bxf5 24. Bd4 $14) 23. Be3 fxg4 (23...
d5 24. gxf5 (24. cxd5 Nxd5 25. Nxd5 Bxd5 26. Rxc6 Bxc6 27. gxf5 $14) 24... Bxf5
25. cxd5 $14) 24. hxg4 d5 25. f5 {
1-0 Ivanchuk,V-Georgiev,K/Belgrade 1997/CBM 62/[Ftacnik] (32)}) (19... d5 20.
cxd5 Bxd5 21. Rhd1 Rac8 22. gxf5 b5 23. Rxc8 Rxc8 24. Ke1 Bc6 25. Nc5 Nxc5 26.
Bxc5 Bf6 27. b4) 20. Nc3 (20. Rhd1 $5 {Tsesarsky}) (20. Bd3 d5 21. gxf5 Bxf5
22. cxd5 b5 23. Nc5 Nxc5 24. Rxc5 e6 {
1/2-1/2 Tukmakov,V-Brendel,O/Lenk 1999/EXT 2000 (43)}) (20. g5 d5 (20... Nc5
21. Nxc5 dxc5+ 22. Bd3 b6 {
1/2-1/2 Nisipeanu,L-Khasin,A/Koszalin 1998/CBM 65 ext (29)}) 21. cxd5 Bxd5 22.
Rhd1 b5 {'?!' Alterman,B.} (22... e5) 23. Ke1 Bg2 24. Rc7 bxa4 {
1/2-1/2 Nisipeanu,L-Khalifman,A/Las Vegas 1999/CBM 72/[Hansen,Cu] (58)}) 20...
Nf6 (20... d5 $5 21. gxf5 (21. cxd5 Nf6 22. Bb6 (22. Bf3 fxg4 $1) 22... Rd7 23.
Rhe1 Bxd5 24. Ke3 fxg4 25. hxg4 e5 $15) 21... Bxf5 (21... Rxf5 $5 {/\ d4} 22.
cxd5 (22. Nxd5 Nf6 23. Bg4 Nxd5 24. cxd5 Rfxd5+ 25. Ke2 Kf7 $11) 22... Nf6 $13
(22... Bxd5 23. Bd3 (23. Nxd5 Nf6 $1 $11) 23... Bxh1 24. Bxf5 Bc6 $11)) 22.
cxd5 Nf6 23. Bb6 Rd7 24. Ke3 Rc8 $1 {
1-0 Rodriguez,A-Antunes,A/Matanzas 1994  (32)}) 21. g5 Ne4+ 22. Nxe4 fxe4 23.
Bg4 (23. Bb6 Rd7 24. Ke3 Bf5) 23... Bf5 $5 (23... Bxg4 24. hxg4 e6 25. Bb6 Rd7
26. Ke3 d5 27. cxd5 exd5 28. f5 $16) 24. Bb6 Rde8 25. Rhf1 e5 (25... e6 $1 {
Looks more precise.}) 26. Bxf5 Rxf5 27. fxe5 Rfxe5 28. h4 h6 $6 {
1-0 Gross,D-Brendel,O/Germany 2000/CBM 76/[Alterman,B] (37)} (28... e3+ 29. Ke2
Re4 $11)) 17. Nc3 b5 (17... Kf8 18. g5 f5 19. gxf6 Nxf6 20. Nd5 Nxd5 21. cxd5
Bd7 22. Rc7 Ke8 23. Rhc1 b5 24. f4 Rc8 25. Bb6 Rxc7 26. Rxc7 a5 27. Ke3 {
1-0 Tukmakov,V-Vogt,L/Lenk 1999/EXT 2000 (53)}) (17... Rc8 $142 {
Black recognized his mistake...} 18. h4 Kf8 19. h5 b5 (19... Rc6 $5 $14) 20.
Nd5 bxc4 21. Bxc4 Ne5 22. Be2 $14 {
()
1-0 Kalod,R-Sriram,J/Medellin 1996/Juniors (54)}) 18. Nd5 Bxd5 (18... bxc4
$2 19. Bxc4 $18 Kf8 20. Nc7 $1 Bxc4 21. Rxc4 Ne5 22. Ra4 {
1-0 Akopian,V-Maherramzade,J/Linares 2001/CBM 81/[Tsesarsky] (46)}) 19. cxd5
Rb7 $146 {Ein neuer Plan} (19... b4 $6 20. Rc7 Rd8 21. Rhc1 Bc3+ 22. Kd1 Kf8
23. a4 Ke8 24. Ba7 Nc5 25. Bxc5 dxc5 26. Rxc5 $18 {
1-0 Matlak,M-Krzywicki,D/Polanica Zdroj 1995/EXT 97 (41)}) (19... Rc8 $2 20.
Rc6 $1 (20. f4 Nc5 21. e5 Nb7 $14) 20... Ne5 21. Rxc8+ (21. Rb6 Nd7 22. Rb7
Bc3+ 23. Kd1 Nc5 $1 $11) 21... Rxc8 22. Rc1 Rxc1 23. Kxc1 Kf8 24. a4 $16) 20.
Rc6 Bb2 21. Rb1 Ba3 22. Bd4 Bb4+ 23. Ke3 Bc5 {Nach dem Tausch der
schwarzfeldrigen Laeufer hat Schwarz in diesem System meist das Schlimmste
ueberstanden und sein angestrebtes Ziel (Springer vs. schlechter Laeufer)
erreicht} 24. Bxc5 Nxc5 25. e5 $14 Rd7 26. b4 Na4 27. e6 fxe6 28. dxe6 Rda7 29.
Bd1 Rb8 30. Bb3 (30. Bxa4 bxa4 31. a3 Kg7 32. g5 Rb5) 30... Nb6 31. Rbc1 a5 32.
bxa5 Rxa5 33. Rc7 Kf8 34. f4 Re8 35. f5 gxf5 36. Rf1 Nc4+ 37. Kd4 Ne5 38. Rxf5+
Kg7 39. Rb7 b4 40. Ke4 Rc5 41. h3 Kg6 42. Rxb4 Rc3 {
Fuer den Bauern hat Schwarz dank des zentral postierten Springers Gegenspiel}
43. h4 Rg3 44. Rg5+ (44. Bd1 Rc8) 44... Kf6 45. Rf5+ Kg6 46. Rg5+ Kf6 47. Rf5+
Kg6 1/2-1/2

[Event "SUI-chT"]
[Site "Switzerland"]
[Date "2002.03.24"]
[Round "2.2"]
[White "Pelletier, Yannick"]
[Black "Gavrikov, Viktor"]
[Result "1-0"]
[WhiteElo "2606"]
[BlackElo "2578"]
[PlyCount "74"]
[EventDate "2002.??.??"]
[SourceDate "2002.03.03"]
[WhiteTeam "Biel"]
[BlackTeam "Sorab Basel"]

1. Nf3 g6 2. e4 Bg7 3. d4 c6 4. Nc3 d6 5. Be2 Nf6 6. O-O O-O 7. Bf4 Nbd7 8. a4
Qa5 9. Nd2 Qc7 10. Be3 e5 11. dxe5 Nxe5 12. h3 Rd8 13. f4 Ned7 14. Qe1 b6 15.
Rd1 Bb7 16. Qf2 Re8 17. Bf3 Rad8 18. Rfe1 h6 {(=)} 19. Nb3 a6 20. Qd2 Bf8 21.
Qf2 b5 22. axb5 axb5 23. Nd2 b4 24. Ne2 c5 25. Ng3 h5 26. h4 Nb6 27. f5 Nbd7
28. Bg5 c4 29. Ndf1 Bg7 30. Qd2 Qb6+ 31. Be3 Nc5 32. fxg6 fxg6 33. Bd4 Nh7 34.
Qf2 Qc7 35. Re2 Bxd4 36. Qxd4 Ne6 37. Qe3 Nc5 $138 1-0

[Event "SUI-chT"]
[Site "Switzerland"]
[Date "2002.03.24"]
[Round "2.5"]
[White "Maier, Christian"]
[Black "Begovac, Franja"]
[Result "1/2-1/2"]
[WhiteElo "2385"]
[BlackElo "2421"]
[Annotator "Herbrechtsmeier"]
[PlyCount "66"]
[EventDate "2002.??.??"]
[SourceDate "2002.03.03"]
[WhiteTeam "Sorab Basel"]
[BlackTeam "Biel"]

1. e4 c5 2. Nf3 Nc6 3. Bb5 e6 4. c3 d5 5. exd5 Qxd5 6. O-O Bd7 7. Qe2 Nf6 8. d4
cxd4 9. cxd4 a6 10. Nc3 Nxd4 11. Nxd4 Qxd4 12. Bxd7+ Qxd7 13. Rd1 Qc6 14. Bg5
Be7 15. Rac1 Qb6 16. Bxf6 gxf6 17. Qg4 Rd8 18. Rxd8+ Bxd8 19. Qg7 Rf8 20. Rd1
f5 21. Qxh7 Bf6 (21... Qxb2) 22. Qh6 {Diagramm #} 22... Ke7 $2 23. Nd5+ exd5
24. Re1+ Qe6 25. Rxe6+ fxe6 26. Qd2 Kf7 27. g3 Rd8 28. f4 Rc8 29. Kg2 Rc4 30.
Qe2 Re4 31. Qc2 Rc4 32. Qe2 Re4 33. Qc2 Rc4 1/2-1/2

[Event "SUI-chT"]
[Site "Switzerland"]
[Date "2002.03.24"]
[Round "2.8"]
[White "Pinol, Fabrice"]
[Black "Scherer, Max"]
[Result "1-0"]
[WhiteElo "2231"]
[BlackElo "2323"]
[PlyCount "47"]
[EventDate "2002.??.??"]
[SourceDate "2002.03.03"]
[WhiteTeam "Biel"]
[BlackTeam "Sorab Basel"]

1. e4 e6 2. d4 b6 3. Bd3 Bb7 4. Nf3 c5 5. c3 Nf6 6. Qe2 Be7 7. O-O Nc6 8. Nbd2
d5 9. Rd1 Qc7 10. exd5 Nxd5 11. Ne4 Nf4 12. Bxf4 Qxf4 13. dxc5 bxc5 14. Bb5 a6
15. Ba4 Qc7 16. Qe3 Qa5 17. Bxc6+ Bxc6 18. Ne5 Bxe4 19. Qxe4 O-O 20. Rd7 Bg5 $2
21. Nxf7 Bf6 22. Qxe6 h5 23. Ng5+ Kh8 24. Qf5 {Biel - Sorab 4,5-3,5} 1-0

[Event "SUI-chT"]
[Site "Switzerland"]
[Date "2002.03.24"]
[Round "2.2"]
[White "Prusikhin, Mihailo"]
[Black "Huebner, Robert"]
[Result "1/2-1/2"]
[WhiteElo "2519"]
[BlackElo "2625"]
[PlyCount "172"]
[EventDate "2002.??.??"]
[SourceDate "2002.03.03"]
[WhiteTeam "Wollishofen"]
[BlackTeam "Luzern"]

1. e4 c5 2. Nf3 Nc6 3. Bb5 e6 4. O-O Nge7 5. c3 a6 6. Ba4 b5 7. Bc2 Bb7 8. Re1
c4 9. b3 Ng6 10. bxc4 bxc4 11. Qe2 Na5 12. Ba3 Be7 13. Bb4 d5 14. exd5 Bxd5 15.
Na3 Bxb4 16. cxb4 Nc6 17. Ba4 O-O 18. Bxc6 Bxc6 19. Nxc4 Nf4 20. Qe3 Nd3 21.
Reb1 Bxf3 22. gxf3 Rb8 23. Rb3 Qf6 24. Rab1 Nf4 25. Kh1 Rb5 26. Rg1 Nd5 27. Qg5
Qxg5 28. Rxg5 Rxb4 29. Rxb4 Nxb4 30. Ra5 Rc8 31. a3 Rxc4 32. axb4 Rxb4 33. Rxa6
{Dieses Endspiel ist theoretisch remis, selbst ohne den d-Bauern!} 33... g5 34.
Rd6 Kg7 35. Kg2 Kf6 36. Rd7 h5 37. Kg3 h4+ 38. Kg2 Rf4 39. d4 Rf5 40. Ra7 Rd5
41. Ra4 Kf5 42. h3 Kf6 43. Kg1 Rf5 44. Kg2 Rf4 45. Rb4 Ke7 46. Rb7+ Kd6 47. Ra7
Rf5 48. Ra6+ Kd5 49. Ra4 f6 50. Ra6 Rf4 51. Ra5+ Kxd4 52. Ra6 Ke5 53. Ra5+ Kd6
54. Ra6+ Ke7 55. Ra7+ Ke8 56. Ra8+ Kf7 57. Ra7+ Kg6 58. Ra6 Kf5 59. Ra5+ e5 60.
Ra6 Rb4 61. Rc6 Rb7 62. Ra6 Re7 63. Kg1 Re6 64. Ra5 Rd6 65. Kg2 Kf4 66. Ra4+
Rd4 67. Ra6 f5 68. Ra8 g4 69. fxg4 fxg4 70. Rf8+ Kg5 71. Rg8+ Kf5 72. Rf8+ Ke6
73. hxg4 Rxg4+ 74. Kf3 Ra4 75. Re8+ Kf6 76. Rf8+ Kg6 77. Rg8+ Kf7 78. Rb8 Rf4+
79. Kg2 Ke6 80. Rb3 Kf5 81. Rc3 Kg4 82. Ra3 Kg5 83. Rc3 Rf8 84. Re3 Rf5 85. Re4
Kh5 86. Kh3 Rf3+ 1/2-1/2

[Event "SUI-chT"]
[Site "Switzerland"]
[Date "2002.03.24"]
[Round "2.3"]
[White "Jussupow, Artur"]
[Black "Moor, Roger"]
[Result "1/2-1/2"]
[WhiteElo "2611"]
[BlackElo "2361"]
[PlyCount "88"]
[EventDate "2002.??.??"]
[SourceDate "2002.03.03"]
[WhiteTeam "Luzern"]
[BlackTeam "Wollishofen"]

1. d4 Nf6 2. Nf3 g6 3. c4 Bg7 4. g3 O-O 5. Bg2 d5 6. cxd5 Nxd5 7. O-O Nb6 8.
Nc3 Nc6 9. e3 e5 10. d5 Ne7 11. e4 Bg4 12. h3 Bxf3 13. Bxf3 c6 14. Qb3 cxd5 15.
exd5 Nf5 16. Ne2 Nd6 17. Bg2 Rc8 18. a4 Nbc4 19. Qa2 Nf5 20. Rd1 Ncd6 21. Qb3
Qc7 22. a5 Qc2 23. Qxc2 Rxc2 24. Nc3 Rc8 25. Ne4 Bf8 26. Nxd6 Nxd6 27. b3 Nb5
28. Be3 Nd4 29. Bxd4 exd4 30. Rab1 Bg7 31. Be4 R2c3 32. b4 b6 33. axb6 axb6 34.
Ra1 Bf8 35. Ra6 Bxb4 36. Rxb6 Bc5 37. Rc6 Rxc6 38. dxc6 Kf8 39. Rb1 Bd6 40. Rb7
Rc1+ 41. Kg2 d3 42. Rb2 f5 43. Bxd3 Rxc6 44. Rb7 Rc7 1/2-1/2

[Event "SUI-chT"]
[Site "Switzerland"]
[Date "2002.03.24"]
[Round "2.1"]
[White "Gabriel, Christian"]
[Black "Umansky, Mikhail"]
[Result "1-0"]
[WhiteElo "2553"]
[BlackElo "2468"]
[PlyCount "65"]
[EventDate "2002.??.??"]
[SourceDate "2002.03.03"]
[WhiteTeam "Zürich"]
[BlackTeam "St. Gallen"]

1. d4 c5 2. d5 Nf6 3. c4 d6 4. Nc3 g6 5. e4 Bg7 6. h3 O-O 7. Bd3 e5 8. Nge2
Nbd7 9. g4 h5 10. Rg1 a6 11. Bg5 Qc7 12. a4 Nh7 13. gxh5 Nxg5 14. Rxg5 Nf6 15.
hxg6 fxg6 16. Rxg6 Qf7 17. Rg1 Nh5 18. Kd2 Bxh3 19. Rh1 Qf3 20. Qg1 Bg4 21. Rh4
Nf6 22. Ng3 b5 23. Be2 Qf4+ 24. Kc2 b4 25. Nh5 Nxh5 26. Rxg4 Qxf2 27. Rg2 Qxg1
28. Raxg1 bxc3 29. Bxh5 Ra7 30. Kxc3 Rf4 31. Kd3 Rb7 32. Rg6 Rxb2 33. Rxg7+ 1-0

[Event "SUI-chT"]
[Site "Switzerland"]
[Date "2002.03.24"]
[Round "2.8"]
[White "Thaler, Anton"]
[Black "Hug, Marcel"]
[Result "1-0"]
[WhiteElo "2142"]
[BlackElo "2305"]
[Annotator "Herbrechtsmeier"]
[PlyCount "41"]
[EventDate "2002.??.??"]
[SourceDate "2002.03.03"]
[WhiteTeam "St. Gallen"]
[BlackTeam "Zürich"]

1. d4 Nf6 2. c4 e6 3. Nf3 d5 4. Bg5 Be7 5. Nc3 h6 6. Bh4 O-O 7. Qc2 b6 8. e4 $5
$146 dxe4 9. Bxf6 (9. Nxe4 Bb7 10. Bd3) 9... exf3 (9... Bxf6 10. Qxe4 c6 11.
Bd3 g6 12. Ne5 Qc7 13. h4 Bb7 14. h5 c5 15. Qf4 Bg5 16. Qg3 cxd4 17. Ne4 f5 18.
Nxg5 f4 19. Ng4 fxg3 20. Nxh6+ Kh8 21. Nhf7+ Kg8 (21... Kg7 22. Nxe6+ Kxf7 23.
Nxc7) 22. Nh6+) 10. Bxe7 (10. Qe4 $6 Bxf6 11. Qxa8 fxg2 12. Bxg2 Ba6 13. Rd1
Bxc4 14. Qe4 Qd6 15. Qe3 Rd8 16. Ne4 Qb4+ 17. Qc3 Be7 $17) 10... Qxe7 11. Qe4
fxg2 12. Qxg2 (12. Bxg2 c6 13. d5 Bb7 14. dxe6 f5 15. Qe5 Nd7 $17) 12... c6 13.
Rg1 f5 (13... g6 14. O-O-O Ba6) 14. O-O-O Bb7 15. Re1 Rf6 $6 (15... Rf7 16. c5
b5 (16... bxc5 17. Bc4 Bc8 18. d5) 17. Qg6 Rf6 18. Qg3 Na6) 16. d5 $1 cxd5 17.
Nxd5 (17. cxd5 Nd7 18. Bc4 Nf8 19. d6 Qf7) 17... Bxd5 18. Qxd5 $1 (18. cxd5 Nd7
19. Kb1 e5 20. d6 Qf8 21. Bc4+ Kh8 $17) 18... exd5 19. Rxe7 Rf7 $2 (19... g5
20. Bg2 Kf8 21. Rh7 (21. Rge1 Nc6 22. Rh7 Kg8 23. Rc7 Nb4 24. a3 Nd3+ 25. Kd2
Nf4 $11) 21... Kg8 22. Rb7 Na6 23. Bxd5+ Kh8 24. Re1 Nb4 25. Rd7 Nd3+ 26. Kd2
Nc5 27. Rc7 Na6 28. Rce7 Rd8 29. Kc3 Nc5 30. Rxa7 $16) 20. Rxf7 Kxf7 21. Bg2
1-0

[Event "SUI-chT"]
[Site "Switzerland"]
[Date "2002.04.21"]
[Round "3.4"]
[White "Brendel, Oliver"]
[Black "Ferrari, Nicola"]
[Result "1-0"]
[WhiteElo "2380"]
[BlackElo "2161"]
[PlyCount "35"]
[EventDate "2002.??.??"]
[SourceDate "2002.03.03"]
[WhiteTeam "Sorab Basel"]
[BlackTeam "Mendrisio"]

1. e4 c6 2. d4 d5 3. Nc3 dxe4 4. Nxe4 Bf5 5. Ng3 Bg6 6. N1e2 Nf6 7. h4 h6 8.
Nf4 Bh7 9. Bc4 e6 10. O-O Bd6 11. c3 Nd5 12. Bxd5 cxd5 13. Qg4 Rg8 14. Re1 g5 {
Diagramm #} 15. Nxe6 fxe6 16. Qxe6+ Be7 17. Nf5 Nc6 18. Nd6+ 1-0

[Event "SUI-chT"]
[Site "Switzerland"]
[Date "2002.04.21"]
[Round "3.5"]
[White "Perruchoud, Benoit"]
[Black "Maier, Christian"]
[Result "1/2-1/2"]
[WhiteElo "2179"]
[BlackElo "2385"]
[Annotator "Herbrechtsmeier"]
[PlyCount "62"]
[EventDate "2002.??.??"]
[SourceDate "2002.03.03"]
[WhiteTeam "Mendrisio"]
[BlackTeam "Sorab Basel"]

1. e4 e6 2. d4 d5 3. Nd2 Nf6 4. e5 Nfd7 5. Bd3 (5. f4 c5 6. c3 Nc6 7. Ndf3 cxd4
8. cxd4 f6 9. Bd3 Bb4+ 10. Kf1 O-O 11. Qc2 fxe5 12. Bxh7+ Kh8 13. dxe5 Ndxe5
14. fxe5 Qh4 {1-0 McShane,L-Maier,C/EPINAL 2002 (50)}) 5... c5 6. c3 Nc6 7. Ne2
cxd4 8. cxd4 f6 9. exf6 Qxf6 {'?!' Bulletin.} 10. Nf3 Bd6 11. Bg5 Qf7 12. O-O
O-O 13. Bh4 e5 14. Bxh7+ (14. Ng5 Qf6 (14... Qe8 15. dxe5 (15. Bxh7+ Kh8 16.
Bc2 e4 17. Bg3 Bxg3 18. Nxg3 Qg6 19. f4 Nf6 20. Qd2 Ng8 21. h3 {
0-1 Kholmov,R-Ljukin,S/Moscow 1995/CBM 50 ext (44)}) 15... Ndxe5 16. Bc2 Kh8
17. Qxd5 Bc7 18. Nxh7 Be6 19. Qd2 Qh5 20. Bg3 {
1-0 Peptan,C-Socko,M/Szombathely 1993/TD (49)}) 15. Qb3 Nb6 16. Nf3 (16. g3 Qh6
17. dxe5 Nxe5 18. Be4 Bd7 19. Bxd5+ Kh8 20. Bg2 Ba4 21. Qe3 Bb5 22. a4 Nxa4 23.
Nd4 Bxf1 24. Bxf1 Nb6 25. Nde6 Nf3+ 26. Nxf3 Qxe3 27. fxe3 Rxf3 {
0-1 Sokolov,A-Maier,C/FRA 1998/CBM 64 ext (41)}) 16... Qf7 (16... Qh6 17. Bg5
Qh5 18. Ng3 Nxd4 19. Nxh5 Nxb3 20. axb3 e4 21. Be2 exf3 22. Bxf3 Bd7 23. Be3 {
1-0 Nijboer,F-Maier,C/Groningen 1989/EXT 98 (71)}) 17. dxe5 Nxe5 18. Bxh7+ Kh8
19. Nxe5 Bxe5 20. Bd3 Bxh2+ 21. Kxh2 Qh5 22. Rh1 g5 23. Qb4 Bg4 24. Ng3 {
1-0 Milosevic,G-Tempani,N/Mendrisio 1988/EXT 97 (24)}) (14. dxe5 Ndxe5 15. Nxe5
Bxe5 16. Qd2 (16. Nc3 Be6 17. a3 Bxc3 18. bxc3 Ne5 19. Be2 Rac8 20. Rc1 Nc4 21.
Re1 Nd6 22. Bf3 Kh8 23. Bg3 Nf5 {
1/2-1/2 Hoehn,V-Gerczuk,M/Germany 1993/GER (92)}) 16... Bc7 (16... d4 17. b3
Bc7 18. Rad1 Ba5 19. Qc2 Qh5 20. Bg3 Bb6 21. Nf4 {
1/2-1/2 Loew,G-Maier,C/Bremen 1998/CBM 68 (21)}) (16... Bg4 17. Bg3 Bxe2 18.
Bxe2 Bxg3 19. hxg3 Rad8 20. Rac1 Qf6 21. b4 d4 22. Bf3 d3 23. Rfe1 Rd7 24. Rc5
Nd4 25. Qxd3 Nxf3+ 26. Qxf3 Qxf3 27. gxf3 Rxf3 28. Kg2 Ra3 29. Re2 {
1/2-1/2 Brynell,S-Maier,C/Germany 2001/CBM 82 ext (29)}) 17. Rad1 Ba5 18. Qc2
Qh5 19. Bg3 Nb4 20. Qb3 Nxd3 21. Qxd3 Bg4 22. f3 Bb6+ 23. Kh1 Qf5 24. Qb3 Rad8
25. Bh4 {1-0 Luther,T-Maier,C/Bremen 1998/CBM 68 (58)}) 14... Kh8 15. dxe5 (15.
Ng3 e4 16. Ng5 Qe8 17. Nf5 Bf4 18. Qg4 Nf6 19. Qxf4 Nxh7 20. Nxh7 Rxf5 21. Nf6
Rxf4 22. Nxe8 Rxh4 {0-1 Wagner,H-Maier,C/Walldorf 1986/TD (28)}) (15. Bg3 e4
16. Ng5 Qh5 17. h4 Qh6 18. Bxd6 Qxd6 19. Ng3 Ne7 20. Bxe4 Nf6 21. Bd3 Qf4 22.
Be2 Nc6 23. Nf3 Bg4 24. Ne5 Nxe5 25. dxe5 Bxe2 26. Qxe2 Rfe8 27. Rfe1 Ng4 28.
Qc2 Rxe5 {0-1 Lurje,P-Maier,C/SUI 1994/EXT 2000 (62)}) 15... Ndxe5 16. Nxe5
Nxe5 17. Bd3 (17. Bc2 Qh5 18. Bg3 Bg4 19. f3 (19. Re1 $2 Rxf2 $1 20. Bxe5 $4 (
20. Qxd5 $2 Rxg2+ 21. Qxg2 Nf3+ 22. Kh1 Nxe1 $19) (20. Kxf2 Bc5+ 21. Qd4 Bxd4+
22. Nxd4 Nc6 $17) 20... Rxg2+ 21. Kxg2 Qh3+ 22. Kg1 Qe3+ {
0-1 Happe,U-Kummerow,H/Bochum 1992/EXT 2002 (22)}) 19... Bc5+ (19... Rxf3 $2
20. gxf3 Bc5+ 21. Rf2) (19... Nxf3+ 20. gxf3 Bc5+ 21. Nd4 (21. Bf2 $6 Bxf3 22.
Bxc5 Qg5+) 21... Rxf3 $1 22. Qd2 $8 Bh3 23. Rxf3 Qxf3 24. Be5 Bxd4+ {
1/2-1/2 Popovic,P-Maier,C/EPINAL 2002} (24... Bxd4+ 25. Bxd4 Qg4+ 26. Kh1 Qf3+
(26... Rf8 $2 27. Bxg7+ $1))) (19... Bxf3 20. gxf3 Nxf3+ 21. Rxf3 Qxf3 22. Qd4
Bxg3 23. Nxg3 Rf4 24. Qd2 $18) 20. Nd4 (20. Bf2 $2 Nxf3+ 21. gxf3 Bxf3 22. Bxc5
Qg5+ 23. Ng3 Bxd1 24. Rxf8+ Rxf8 25. Bxf8 Qe3+ $19) (20. Kh1 $5 Nxf3 (20...
Rxf3 21. Qxd5) 21. Qc1 (21. Qd3 Nxh2 $17) 21... Nxh2 22. Rxf8+ Rxf8 23. Nf4
Rxf4 24. Qxf4 Nf1+ (24... Nf3+ 25. Bh2 Qxh2+ 26. Qxh2+ Nxh2 27. Kxh2) 25. Bh2
Qxh2+) 20... Rxf3 (20... Bxf3 21. gxf3 Nxf3+ 22. Rxf3 Qxf3 23. Qxf3 Rxf3 24.
Rd1 $16) 21. gxf3 Nxf3+ 22. Rxf3 Bxf3 23. Qd3 (23. Qd2 Qg4 $19) 23... Be4 24.
Qc3 Bxd4+ 25. Qxd4 Bxc2 26. Qh4 (26. Qe5 Qxe5 27. Bxe5 Re8 28. Re1 Be4 29. Bd4
Rc8 30. Kf2 a6 31. Rg1 Rc7 32. Ke3 Kh7 33. Rg3 Bg6 34. Rh3+ Kg8 35. Rg3 Kh7 36.
Rh3+ Kg8 37. Rg3 Kh7 38. Rh3+ Kg8 39. Rg3 {Handke,F-Maier,C/Frankreich 2002}) (
26. Rc1 $2 Be4 27. Rc7 Rg8 $17) 26... Qxh4 27. Bxh4 d4 $5 (27... Re8 28. Re1
Rxe1+ 29. Bxe1 d4 30. Kf2 Kg8 {
1/2-1/2 Mann,C-Hauke,C/Germany 1988/TD/[Bulletin] (30)}) 28. Re1 (28. Bg5 Re8
29. Kf2 Rf8+ 30. Kg3 Be4 31. Re1 Bc6 32. Bf4 $10) 28... d3 29. Bg5 Rc8 30. Re5
Bb1 31. Rd5 Rc7 32. Bd2 Kg8 33. Bc3 Kf7 34. a3 Bc2 35. Kf2 Ke6 36. Rd4 g6 37.
Ke3 {1/2-1/2 Roeder,G-Wimmer,H/Bayern 1991/TD (37)}) 17... Qh5 18. Bg3 Bg4 19.
f3 Rxf3 20. gxf3 Bc5+ 21. Rf2 Nxf3+ 22. Kh1 Bxf2 23. Nf4 Qh6 24. Ng6+ Kg8 25.
Ne7+ (25. Bf5) 25... Kf7 26. Nf5 Qh5 27. Qb3 Bxf5 28. Qxb7+ Kf6 29. Qxa8 Bxd3
30. Qf8+ Ke6 31. Qg8+ Kf6 1/2-1/2